Stratégia Európa 2020 s dôrazom na politiku vzdelávania bakalárska práca

Guardado en:
Detalles Bibliográficos
Autor principal: Rigó, Orsolya
Autor Corporativo: Fakulta medzinárodných vzťahov EU. Katedra medzinárodných ekonomických vzťahov a hospodárskej diplomacie
Otros Autores: Harakaľová, Ľubica, 1963-
Formato: Libro
Lenguaje:eslovaco
Publicado: Bratislava 2017
Etiquetas: Agregar Etiqueta
Sin Etiquetas, Sea el primero en etiquetar este registro!

MARC

LEADER 00000nbm a2200000 4500
001 0232116
005 20180221152619.4
041 0 |a slo 
044 |a SK 
245 1 0 |a Stratégia Európa 2020 s dôrazom na politiku vzdelávania  |b bakalárska práca  |c Orsolya Rigó ; školiteľ: Ľubica Harakaľová 
264 1 |a Bratislava  |c 2017 
300 |a 68 s. 
100 1 |a Rigó, Orsolya 
700 1 |a Harakaľová, Ľubica, 1963- 
710 2 |a Fakulta medzinárodných vzťahov EU. Katedra medzinárodných ekonomických vzťahov a hospodárskej diplomacie